|
|
|
|
| LEADER |
02833nam a22005295i 4500 |
| 001 |
978-3-540-31051-8 |
| 003 |
DE-He213 |
| 005 |
20151204152037.0 |
| 007 |
cr nn 008mamaa |
| 008 |
100301s2007 gw | s |||| 0|eng d |
| 020 |
|
|
|a 9783540310518
|9 978-3-540-31051-8
|
| 024 |
7 |
|
|a 10.1007/978-3-540-31051-8
|2 doi
|
| 040 |
|
|
|d GrThAP
|
| 050 |
|
4 |
|a QK1-989
|
| 072 |
|
7 |
|a PST
|2 bicssc
|
| 072 |
|
7 |
|a SCI011000
|2 bisacsh
|
| 072 |
|
7 |
|a NAT026000
|2 bisacsh
|
| 082 |
0 |
4 |
|a 580
|2 23
|
| 245 |
1 |
0 |
|a Flowering Plants · Eudicots
|h [electronic resource] :
|b Asterales /
|c edited by Joachim W. Kadereit, Charles Jeffrey.
|
| 264 |
|
1 |
|a Berlin, Heidelberg :
|b Springer Berlin Heidelberg,
|c 2007.
|
| 300 |
|
|
|a XI, 636 p.
|b online resource.
|
| 336 |
|
|
|a text
|b txt
|2 rdacontent
|
| 337 |
|
|
|a computer
|b c
|2 rdamedia
|
| 338 |
|
|
|a online resource
|b cr
|2 rdacarrier
|
| 347 |
|
|
|a text file
|b PDF
|2 rda
|
| 490 |
1 |
|
|a The Families and Genera of Vascular Plants ;
|v 8
|
| 505 |
0 |
|
|a Asterales: Introduction and Conspectus -- Alseuosmiaceae -- Argophyllaceae -- Calyceraceae -- Campanulaceae -- Carpodetaceae -- Compositae: Introduction with Key to the Tribes -- I. Barnadesieae -- II. Mutisieae -- III. Cardueae -- Carduoid Genera of Uncertain Placement -- IV. Gymnarrheneae -- V. Moquinieae -- VI. Vernonieae -- VII. Liabeae -- VIII. Cichorieae -- IX. Gundelieae -- X. Arctotideae -- XI. Corymbieae -- XII. Senecioneae -- XIII. Calenduleae -- XIV. Gnaphalieae -- XV. Astereae -- XVI. Anthemideae -- XVII. Inuleae .-Key to the Tribes of the Heliantheae Alliance -- XVIII. Athroismeae -- XIX. Helenieae.-XX. Coreopsideae -- XXI. Neurolaeneae -- XXII. Tribe Tageteae -- XXIII. Tribe Chaenactideae -- XXIV. Tribe Bahieae -- XXV. Polymnieae -- XXVI. Heliantheae -- XXVII. Millerieae -- XXVIII. Madieae -- XXIX. Perityleae -- XXX. Eupatorieae -- Asteroid Genus of Uncertain Placement -- Selected Bibliography to Compositae. Goodeniaceae -- Menyanthaceae -- Pentaphragmataceae -- Phellinaceae -- Rousseaceae -- Stylidiaceae -- Index of Scientific Names.
|
| 650 |
|
0 |
|a Life sciences.
|
| 650 |
|
0 |
|a Biodiversity.
|
| 650 |
|
0 |
|a Plant science.
|
| 650 |
|
0 |
|a Botany.
|
| 650 |
|
0 |
|a Plant anatomy.
|
| 650 |
|
0 |
|a Plant development.
|
| 650 |
1 |
4 |
|a Life Sciences.
|
| 650 |
2 |
4 |
|a Plant Sciences.
|
| 650 |
2 |
4 |
|a Plant Systematics/Taxonomy/Biogeography.
|
| 650 |
2 |
4 |
|a Plant Anatomy/Development.
|
| 650 |
2 |
4 |
|a Biodiversity.
|
| 700 |
1 |
|
|a Kadereit, Joachim W.
|e editor.
|
| 700 |
1 |
|
|a Jeffrey, Charles.
|e editor.
|
| 710 |
2 |
|
|a SpringerLink (Online service)
|
| 773 |
0 |
|
|t Springer eBooks
|
| 776 |
0 |
8 |
|i Printed edition:
|z 9783540310501
|
| 830 |
|
0 |
|a The Families and Genera of Vascular Plants ;
|v 8
|
| 856 |
4 |
0 |
|u http://dx.doi.org/10.1007/978-3-540-31051-8
|z Full Text via HEAL-Link
|
| 912 |
|
|
|a ZDB-2-SBL
|
| 950 |
|
|
|a Biomedical and Life Sciences (Springer-11642)
|